Jeho neresťou sú fastfoody, rád by sa vrátil do Brazílie

Bibliographic Details
Main Author: Lacko, Branislav (Author)
Format: Article
Language:Slovak
PhysicalDescription:Fotogr.
ISSN:1339-7605
Subjects:
Online Access:http://www.kosicednes.sk/nerestou-su-fastfoody-rad-by-sa-vratil-do-brazilie/

MARC

LEADER 00000nab a2200000 a 4500
001 vtls011572836
003 SK-MaSNL
005 20260303202807.0
008 160812|20160721xo z||p 000 0 slo
038 |a KEVKJB 
040 |a KEVKJB  |b slo  |c KEVKJB  |e AACR2 
041 0 |a slo 
044 |a xo  |c SK 
080 |a 797.253  |2 2011 
100 1 |a Lacko, Branislav  |4 aut  |9 574490 
245 1 0 |a Jeho neresťou sú fastfoody, rád by sa vrátil do Brazílie  |c Branislav Lacko 
300 |b Fotogr. 
600 1 7 |a Karabáš, Samuel,  |d 1992-  |2 kevkjb  |9 1234777 
610 2 7 |a ŠK Hornets Košice  |2 kevkjb  |9 1234778 
650 0 7 |a vodné pólo  |2 kevkjb  |9 3219 
651 7 |a Košice (Slovensko)  |2 kevkjb  |9 18694 
773 0 |t košice:dnes  |g Roč. 3, č. 140 (21.7.2016), s. 22-23  |x 1339-7605 
852 |a KEVKJB  |b KIS3GCP 
856 4 1 |u http://www.kosicednes.sk/nerestou-su-fastfoody-rad-by-sa-vratil-do-brazilie/ 
958 |a BX 
999 |c 2181807  |d 2183737